The Civil Code of Quebec in Chart Form

Detalles Bibliográficos
Autor principal: Le May, Denis
Formato: eBook
Lenguaje:inglés
Publicado: Toronto: Irwin Law Inc., 2006
Materias:
Acceso en línea:Acceso restringido

MARC

LEADER 00000nam a22000007a 4500
005 20210831130542.0
007 cr|||| ||||
008 210831s2006 ca |||||s|||| 00||0 eng d
020 |a 9781459313545 
035 |a 35282 
040 |a vLex 
090 |c 12171  |d 12171 
100 1 |a Le May, Denis 
245 1 3 |a The Civil Code of Quebec in Chart Form  |h [Recurso electrn̤ico] /  |c Denis Le May 
256 |a Servicio en ln̕ea 
260 |a Toronto:  |b Irwin Law Inc.,  |c 2006 
300 |a 1 recurso electrn̤ico 
500 |a If you feel overwhelmed and intimidated each time you are asked to research a legal question involving the civil law of Qub̌ec, help is on the way. The Civil Code of Qub̌ec in Chart Form, by Denis Le May, provides a graphic, simple access tool for the Code. A series of tables and charts shows the general structure of the Code and the interrelationship between its component parts. Le May provides a broad overview of the subject categories covered by the Code and an explanation of the numbering system he adopted to represent the subdivisions in a uniform fashion. Each separate Book of the Civil Code has its own chapter. Each chapter contains the following: a chart giving an overall pictorial representation of the contents of that Book; a table of contents; a summary (including the text of important articles, definitions and explanatory notes); individual charts for subdivisions; and an index. The organizational structure of the book provides general finding tools and easy access to researchers in a variety of different situations: if she doesn’t know where a concept is located (use the general index); if he knows the article number but wants to see the corresponding segment (use the articles/charts concordance table); if she knows in which Book the concept is located, but not the specific article (use the table of contents for that particular Book); or if he wants to quickly ascertain whether or not there is a chart which corresponds to the concept being researched (use the list of charts or the alphabetical index). 
506 1 |a Disponible solo en los productos indicados  |d vLex Global  |d vLex Global (Academic Edition, excluding Law Schools)  |d vLex Global (U.S. Academic Edition, Law Schools)  |d vLex Global (U.S. Academic Edition, excluding Law Schools)  |d vLex Global (Academic Edition, Law Schools) 
650 0 4 |a Derecho Civil  |z Canad̀ 
740 0 |a vLex Libros (Servicio en ln̕ea) 
856 4 0 |u https://app.vlex.com/#/sources/35282  |z Acceso restringido 
942 |c BOOK 
999 0 |a Civil Law